[Event "HUN-chT2 Toth 1415"]
[Site "Hungary"]
[Date "2015.01.25"]
[Round "7.4"]
[White "Biro, Istvan"]
[Black "Gombos, Janos"]
[Result "1/2-1/2"]
[WhiteElo "2016"]
[BlackElo "1994"]
[PlyCount "110"]
[EventDate "2014.09.07"]
[EventType "team-tourn"]
[EventRounds "11"]
[EventCountry "HUN"]
[SourceTitle "EXT 2016"]
[Source "ChessBase"]
[SourceDate "2015.10.08"]
[SourceVersion "1"]
[SourceVersionDate "2015.10.08"]
[SourceQuality "1"]
[WhiteTeam "Oroshaza"]
[BlackTeam "Gyula"]
[WhiteTeamCountry "HUN"]
[BlackTeamCountry "HUN"]

1. d4 Nf6 2. c4 g6 3. Nc3 Bg7 4. e4 d6 5. f3 0-0 6. Be3 e5 7. Nge2 c6 8. Qd2 Nbd7 9. 0-0-0 Nb6 10. Ng3 Qe7 11. Kb1 Be6 12. d5 cxd5 13. cxd5 Bd7 14. Bh6 Rfc8 15. h4 Bxh6 16. Qxh6 Qf8 17. Qg5 Ne8 18. h5 h6 19. Qe3 g5 20. Bd3 Ng7 21. Rc1 Qd8 22. Nb5 Rxc1+ 23. Rxc1 Bxb5 24. Bxb5 Rc8 25. Ne2 Rxc1+ 26. Qxc1 Qc8 27. g4 Kf8 28. Qxc8+ Nxc8 29. Kc2 Ke7 30. b4 Kd8 31. a4 a6 32. Bd3 Kc7 33. a5 Na7 34. Kb3 Ne8 35. Ng3 Ng7 36. Nf1 Nb5 37. Bxb5 axb5 38. Ng3 Kb8 39. Kc3 Ka7 40. Kb3 Ka6 41. Kc2 b6 42. axb6 Kxb6 43. Ne2 Ne8 44. Nc1 Ng7 45. Nb3 Ne8 46. Na5 Nf6 47. Nc6 Ng8 48. Nd8 f6 49. Ne6 Kb7 50. Ng7 Kc7 51. Kb3 Kd7 52. Nf5 Kc7 53. Ng7 Kd7 54. Nf5 Kc7 55. Ng7 Kd7 1/2-1/2

[Event "HUN-chT2 Toth 1415"]
[Site "Hungary"]
[Date "2014.11.16"]
[Round "4.5"]
[White "Biro, Istvan"]
[Black "Toth, Kazmer"]
[Result "0-1"]
[WhiteElo "2016"]
[BlackElo "1933"]
[PlyCount "68"]
[EventDate "2014.09.07"]
[EventType "team-tourn"]
[EventRounds "11"]
[EventCountry "HUN"]
[SourceTitle "EXT 2016"]
[Source "ChessBase"]
[SourceDate "2015.10.08"]
[SourceVersion "1"]
[SourceVersionDate "2015.10.08"]
[SourceQuality "1"]
[WhiteTeam "Oroshaza"]
[BlackTeam "Felegyhaza Csongrad"]
[WhiteTeamCountry "HUN"]
[BlackTeamCountry "HUN"]

1. d4 Nf6 2. c4 d6 3. Nc3 g6 4. e4 Bg7 5. f3 c6 6. Be3 0-0 7. Qd2 Qa5 8. 0-0-0 e5 9. d5 c5 10. Bh6 a6 11. h4 Qd8 12. Nge2 b5 13. Ng3 b4 14. Nce2 Nbd7 15. h5 a5 16. Ng1 Nb6 17. hxg6 fxg6 18. Bxg7 Kxg7 19. Qh6+ Kg8 20. Nh3 Bxh3 21. gxh3 Ra7 22. h4 Rg7 23. Bh3 Kh8 24. b3 Ng8 25. Qe3 Qxh4 26. Ne2 Qh6 27. Kd2 Qxe3+ 28. Kxe3 Nf6 29. f4 Nbd7 30. Be6 exf4+ 31. Nxf4 Ne5 32. Rdg1 Ne8 33. Bf5 gxf5 34. Rxg7 Nxg7 0-1

[Event "HUN-chT2 Toth 1415"]
[Site "Hungary"]
[Date "2014.09.07"]
[Round "1.5"]
[White "Varga, Tamas"]
[Black "Biro, Istvan"]
[Result "1/2-1/2"]
[WhiteElo "1968"]
[BlackElo "2016"]
[PlyCount "35"]
[EventDate "2014.09.07"]
[EventType "team-tourn"]
[EventRounds "11"]
[EventCountry "HUN"]
[SourceTitle "EXT 2016"]
[Source "ChessBase"]
[SourceDate "2015.10.08"]
[SourceVersion "1"]
[SourceVersionDate "2015.10.08"]
[SourceQuality "1"]
[WhiteTeam "Bekes"]
[BlackTeam "Oroshaza"]
[WhiteTeamCountry "HUN"]
[BlackTeamCountry "HUN"]

1. d4 Nf6 2. c4 e6 3. Nc3 Bb4 4. Bg5 c5 5. Rc1 cxd4 6. Qxd4 Nc6 7. Qh4 b6 8. Nf3 Bb7 9. e3 h6 10. a3 Bxc3+ 11. Rxc3 Rg8 12. Bxf6 Qxf6 13. Qxf6 gxf6 14. Nd2 Ke7 15. f3 f5 16. Kf2 Ne5 17. Be2 Rac8 18. Rhc1 1/2-1/2

[Event "HUN-chT2 Szechenyi 1213"]
[Site "Hungary"]
[Date "2013.02.17"]
[Round "7.10"]
[White "Metal, Imre"]
[Black "Biro, Istvan"]
[Result "1-0"]
[WhiteElo "1864"]
[BlackElo "1470"]
[PlyCount "139"]
[EventDate "2012.09.16"]
[EventType "team-tourn"]
[EventRounds "11"]
[EventCountry "HUN"]
[SourceTitle "EXT 2014"]
[Source "ChessBase"]
[SourceDate "2013.11.20"]
[SourceVersion "1"]
[SourceVersionDate "2013.11.20"]
[SourceQuality "1"]
[WhiteTeam "Zala Volan"]
[BlackTeam "Haladas III"]
[WhiteTeamCountry "HUN"]
[BlackTeamCountry "HUN"]

1. c4 c5 2. Nc3 Nc6 3. g3 Nf6 4. Bg2 d6 5. Nf3 g6 6. 0-0 Bg7 7. d4 cxd4 8. Nxd4 Bd7 9. e3 0-0 10. a3 Qc8 11. Re1 Bh3 12. Nxc6 bxc6 13. Bh1 Nd7 14. Qc2 Ne5 15. Ne2 Bg4 16. f4 Nf3+ 17. Bxf3 Bxf3 18. Kf2 Bg4 19. Bd2 c5 20. Bc3 Qc6 21. Ng1 e5 22. h3 Bf5 23. e4 Bd7 24. Rad1 f5 25. Qd2 fxe4 26. Qxd6 Qxd6 27. Rxd6 Ba4 28. Rxe4 exf4 29. Bxg7 Kxg7 30. gxf4 Bc2 31. Re7+ Kg8 32. Ke3 Rfe8 33. Rdd7 Rxe7+ 34. Rxe7 Rb8 35. Rxa7 Rxb2 36. Ra5 Rb3+ 37. Kd2 Bd3 38. Rxc5 Rxa3 39. Rc7 Bf5 40. h4 Rd3+ 41. Ke2 Rg3 42. Kf2 Rd3 43. Nf3 Rc3 44. c5 h6 45. Nd4 Bg4 46. c6 Rh3 47. h5 Rxh5 48. Kg3 Bf5 49. Re7 Rh3+ 50. Kg2 Rd3 51. Nf3 Rc3 52. Ne5 Be4+ 53. Kf2 Bxc6 54. Rc7 Rc2+ 55. Ke3 Rc3+ 56. Kd4 Rc1 57. Nxg6 Rd1+ 58. Ke5 Be8 59. Ne7+ Kf8 60. Nd5 Bf7 61. Nf6 h5 62. Nh7+ Kg7 63. Ng5 Rd5+ 64. Ke4 Rxg5 65. fxg5 Kg6 66. Kf4 Be6 67. Rc6 Kf7 68. g6+ Ke7 69. Kg5 Bd5 70. Rc7+ 1-0

[Event "HUN-chT2 Maroczy 1213"]
[Site "Hungary"]
[Date "2012.09.16"]
[Round "1"]
[White "Biro, Istvan"]
[Black "Hetenyi, Geza"]
[Result "1/2-1/2"]
[WhiteElo "1998"]
[BlackElo "2180"]
[PlyCount "64"]
[EventDate "2012.09.16"]
[EventType "team-tourn"]
[EventRounds "11"]
[EventCountry "HUN"]
[SourceTitle "EXT 2014"]
[Source "ChessBase"]
[SourceDate "2013.11.20"]
[SourceVersion "1"]
[SourceVersionDate "2013.11.20"]
[SourceQuality "1"]
[WhiteTeam "Oroshaza"]
[BlackTeam "Hobagoly"]
[WhiteTeamCountry "HUN"]
[BlackTeamCountry "HUN"]

1. d4 Nf6 2. c4 g6 3. Nc3 d5 4. cxd5 Nxd5 5. e4 Nxc3 6. bxc3 c5 7. Bc4 Bg7 8. Ne2 0-0 9. 0-0 Nc6 10. Be3 cxd4 11. cxd4 Bg4 12. f3 Na5 13. Bd5 Be6 14. Bxe6 fxe6 15. Rc1 Qd7 16. Qd2 b6 17. Bh6 Rac8 18. Bxg7 Kxg7 19. Rfd1 Rfd8 20. Rxc8 Rxc8 21. d5 exd5 22. exd5 Qd6 23. Nf4 Qf6 24. Ne6+ Kg8 25. Rc1 Nc4 26. Qb4 Nd6 27. Rxc8+ Nxc8 28. Qc4 Nd6 29. Qc6 Qa1+ 30. Kf2 Qb2+ 31. Kg3 Qe5+ 32. Kf2 Qb2+ 1/2-1/2

[Event "HUN-chT2 Szechenyi 1112"]
[Site "Hungary"]
[Date "2012.05.06"]
[Round "10.11"]
[White "Arvai, Eszter"]
[Black "Biro, Istvan"]
[Result "1-0"]
[WhiteElo "1759"]
[BlackElo "1476"]
[PlyCount "77"]
[EventDate "2011.09.25"]
[EventType "team-tourn"]
[EventRounds "11"]
[EventCountry "HUN"]
[SourceTitle "EXT 2013"]
[Source "ChessBase"]
[SourceDate "2012.11.22"]
[SourceVersion "1"]
[SourceVersionDate "2012.11.22"]
[SourceQuality "1"]
[WhiteTeam "Tapolca"]
[BlackTeam "Haladas"]
[WhiteTeamCountry "HUN"]
[BlackTeamCountry "HUN"]

1. e4 e6 2. d4 d5 3. Nd2 c5 4. c3 Bd7 5. dxc5 Bxc5 6. Nb3 Ba4 7. Qg4 Bxb3 8. axb3 Qf6 9. Nf3 Ne7 10. Bg5 Qg6 11. exd5 Nxd5 12. Qc4 Nd7 13. Bd3 N5b6 14. Bxg6 Nxc4 15. Bxf7+ Kxf7 16. bxc4 e5 17. Rd1 Ke6 18. Ke2 Rhf8 19. Rd5 Rac8 20. Rhd1 Rc7 21. b4 e4 22. Nd4+ Bxd4 23. R1xd4 Nf6 24. Bxf6 Rxf6 25. Rxe4+ Kf7 26. Red4 Re7+ 27. Kf1 Rfe6 28. Rd1 b6 29. Rd7 Ke8 30. Rxe7+ Rxe7 31. Re1 Rxe1+ 32. Kxe1 Ke7 33. Kd2 Kd6 34. Kc2 Kc6 35. f4 g6 36. g4 Kd6 37. Kb3 h6 38. Ka4 Kc6 39. f5 1-0

[Event "HUN-chT2 Maroczy 1011"]
[Site "Hungary"]
[Date "2011.05.01"]
[Round "10"]
[White "Juhasz, Barbara"]
[Black "Biro, Istvan"]
[Result "1-0"]
[WhiteElo "1997"]
[BlackElo "1965"]
[PlyCount "69"]
[EventDate "2010.09.12"]
[EventType "team-tourn"]
[EventRounds "11"]
[EventCountry "HUN"]
[SourceTitle "EXT 2012"]
[Source "ChessBase"]
[SourceDate "2011.11.24"]
[SourceVersion "1"]
[SourceVersionDate "2011.11.24"]
[SourceQuality "1"]
[WhiteTeam "TLSE"]
[BlackTeam "Oroshaza"]
[WhiteTeamCountry "HUN"]
[BlackTeamCountry "HUN"]

1. e4 c5 2. Nf3 d6 3. d4 cxd4 4. Qxd4 a6 5. c4 Nc6 6. Qd2 g6 7. b3 Bg7 8. Bb2 Bxb2 9. Qxb2 Nf6 10. Nc3 Qa5 11. Qd2 Bg4 12. Be2 Bxf3 13. Bxf3 0-0 14. 0-0 Rfd8 15. Rac1 Rac8 16. Qe3 Kg7 17. Be2 Ne5 18. f4 Ned7 19. Kh1 Rc7 20. Nd5 Nxd5 21. exd5 Nf6 22. f5 Qc5 23. Qc3 a5 24. Rce1 Kg8 25. fxg6 hxg6 26. Qf3 Rf8 27. Bd3 Qd4 28. Bb1 Kg7 29. Qg3 Qg4 30. Qc3 b6 31. Rxe7 Rxe7 32. Qxf6+ Kg8 33. Qxe7 Qh5 34. Qxd6 Qe2 35. Qf6 1-0

[Event "HUN-chT2 Maroczy 1011"]
[Site "Hungary"]
[Date "2011.04.10"]
[Round "8"]
[White "Biro, Istvan"]
[Black "Nagy, Zoltan2"]
[Result "1/2-1/2"]
[WhiteElo "1965"]
[BlackElo "2059"]
[PlyCount "106"]
[EventDate "2010.09.12"]
[EventType "team-tourn"]
[EventRounds "11"]
[EventCountry "HUN"]
[SourceTitle "EXT 2012"]
[Source "ChessBase"]
[SourceDate "2011.11.24"]
[SourceVersion "1"]
[SourceVersionDate "2011.11.24"]
[SourceQuality "1"]
[WhiteTeam "Oroshaza"]
[BlackTeam "Maroczy"]
[WhiteTeamCountry "HUN"]
[BlackTeamCountry "HUN"]

1. e4 e5 2. Nf3 Nc6 3. Bb5 a6 4. Ba4 Nf6 5. 0-0 Be7 6. Re1 b5 7. Bb3 0-0 8. c3 d5 9. exd5 Nxd5 10. Nxe5 Nxe5 11. Rxe5 c6 12. d4 Bd6 13. Re1 Qh4 14. g3 Qh3 15. Be3 Bg4 16. Qd3 Rae8 17. Nd2 Re6 18. Qf1 Qh5 19. a4 Rfe8 20. Qd3 Bf5 21. Qe2 Bg4 22. Qd3 Bf5 23. Qe2 Bg4 24. Qd3 Nf4 25. Qc2 Ne2+ 26. Rxe2 Bxe2 27. Bxe6 fxe6 28. axb5 axb5 29. Qe4 Qd5 30. Ra6 Rc8 31. Qxd5 exd5 32. Nb3 b4 33. Rb6 bxc3 34. bxc3 Bf3 35. Nd2 Be2 36. f3 Bb5 37. Rb7 Ra8 38. Rd7 Ba3 39. Bf4 Bc1 40. Kf2 Re8 41. Nb3 Re2+ 42. Kg1 Bxf4 43. gxf4 Rc2 44. Nc5 Rxc3 45. Ne6 g6 46. Rg7+ Kh8 47. Rf7 h5 48. Rf8+ Kh7 49. Rf7+ Kh8 50. Kf2 Bd3 51. Rf8+ Kh7 52. Rf7+ Kh8 53. Rf8+ Kh7 1/2-1/2

[Event "HUN-chT2 Maroczy 1011"]
[Site "Hungary"]
[Date "2010.10.24"]
[Round "4"]
[White "Biro, Istvan"]
[Black "Diczko, Zsombor"]
[Result "1/2-1/2"]
[WhiteElo "1965"]
[BlackElo "1813"]
[PlyCount "43"]
[EventDate "2010.09.12"]
[EventType "team-tourn"]
[EventRounds "11"]
[EventCountry "HUN"]
[SourceTitle "EXT 2012"]
[Source "ChessBase"]
[SourceDate "2011.11.24"]
[SourceVersion "1"]
[SourceVersionDate "2011.11.24"]
[SourceQuality "1"]
[WhiteTeam "Oroshaza"]
[BlackTeam "Nyiregyhaza"]
[WhiteTeamCountry "HUN"]
[BlackTeamCountry "HUN"]

1. d4 d5 2. c4 c6 3. Nc3 Nf6 4. Nf3 e6 5. e3 Be7 6. Qc2 0-0 7. Bd3 Nbd7 8. 0-0 dxc4 9. Bxc4 b5 10. Bd3 Bb7 11. Ne5 h6 12. Nxd7 Nxd7 13. Re1 Qb6 14. a3 a5 15. Bd2 Rfd8 16. Bh7+ Kh8 17. Bd3 Kg8 18. Bh7+ Kh8 19. Bd3 Kg8 20. Bh7+ Kh8 21. Bd3 Kg8 22. Bh7+ 1/2-1/2

[Event "HUN-chT2 Maroczy 1011"]
[Site "Hungary"]
[Date "2010.09.12"]
[Round "1"]
[White "Hevesi, Zoltan"]
[Black "Biro, Istvan"]
[Result "0-1"]
[WhiteElo "2079"]
[BlackElo "1965"]
[PlyCount "58"]
[EventDate "2010.09.12"]
[EventType "team-tourn"]
[EventRounds "11"]
[EventCountry "HUN"]
[SourceTitle "EXT 2012"]
[Source "ChessBase"]
[SourceDate "2011.11.24"]
[SourceVersion "1"]
[SourceVersionDate "2011.11.24"]
[SourceQuality "1"]
[WhiteTeam "Fuzesabony"]
[BlackTeam "Oroshaza"]
[WhiteTeamCountry "HUN"]
[BlackTeamCountry "HUN"]

1. d4 d5 2. Nf3 Nf6 3. c4 c6 4. Nbd2 e6 5. g3 Be7 6. Bg2 0-0 7. Qc2 Nbd7 8. 0-0 b6 9. b3 Bb7 10. Bb2 Rc8 11. e4 dxe4 12. Nxe4 Nxe4 13. Qxe4 Nf6 14. Qe2 Qc7 15. Rfd1 Rfd8 16. Ne5 c5 17. Bf3 cxd4 18. Bxd4 Bb4 19. Bb2 Bc5 20. a3 a5 21. h3 h6 22. Ng4 Qxg3+ 23. Kf1 Qxh3+ 24. Ke1 Bxf3 25. Rxd8+ Rxd8 26. Nxf6+ gxf6 27. Qf1 Qxf1+ 28. Kxf1 Rd1+ 29. Rxd1 Bxd1 0-1

[Event "Szombathely op-B"]
[Site "Szombathely"]
[Date "2010.08.01"]
[Round "9"]
[White "Szakasics, Emese"]
[Black "Biro, Istvan"]
[Result "0-1"]
[WhiteElo "1361"]
[BlackElo "1523"]
[PlyCount "94"]
[EventDate "2010.07.28"]
[EventType "swiss"]
[EventRounds "9"]
[EventCountry "HUN"]
[SourceTitle "EXT 2012"]
[Source "ChessBase"]
[SourceDate "2011.11.24"]
[SourceVersion "1"]
[SourceVersionDate "2011.11.24"]
[SourceQuality "1"]

1. e4 e5 2. Nf3 Nf6 3. Nxe5 d6 4. Nf3 Nxe4 5. d3 Nf6 6. g3 Be7 7. Bg2 Nc6 8. 0-0 0-0 9. Nc3 Bg4 10. d4 Qd7 11. Re1 Rae8 12. Be3 a6 13. a4 d5 14. Qd3 Bxf3 15. Bxf3 Bb4 16. Bg2 Bxc3 17. Qxc3 Nd8 18. a5 c6 19. Qa3 Ne6 20. Bh3 h6 21. Bf4 Kh7 22. Bf5+ g6 23. Bh3 Ng8 24. Re2 f5 25. Be5 Rf7 26. Rae1 Rd8 27. Bf4 Nxd4 28. Rd2 Ne6 29. Bd6 Qxd6 30. Qe3 Nc7 31. Qb6 Nb5 32. c4 Qb4 33. Rde2 Rdf8 34. cxb5 axb5 35. Re8 Nf6 36. R8e2 Ne4 37. Bg2 Qc5 38. Qxc5 Nxc5 39. b4 Nb3 40. Rb1 Nd4 41. Re3 Nc2 42. Re2 Na3 43. Rb3 Nc4 44. Rb1 Rd8 45. Rbe1 Rdd7 46. Bf1 d4 47. Rd2 Nxd2 0-1

[Event "Szombathely op-B"]
[Site "Szombathely"]
[Date "2010.07.31"]
[Round "7"]
[White "Kiss, Balint"]
[Black "Biro, Istvan"]
[Result "1-0"]
[WhiteElo "1678"]
[BlackElo "1523"]
[PlyCount "91"]
[EventDate "2010.07.28"]
[EventType "swiss"]
[EventRounds "9"]
[EventCountry "HUN"]
[SourceTitle "EXT 2012"]
[Source "ChessBase"]
[SourceDate "2011.11.24"]
[SourceVersion "1"]
[SourceVersionDate "2011.11.24"]
[SourceQuality "1"]

1. e4 c6 2. d4 d5 3. Nd2 dxe4 4. Nxe4 Bf5 5. Ng3 Bg6 6. Nf3 Nd7 7. h4 h6 8. h5 Bh7 9. Bd3 Bxd3 10. Qxd3 e6 11. Bd2 Ngf6 12. 0-0-0 Be7 13. Ne4 Nxe4 14. Qxe4 Nf6 15. Qe2 0-0 16. Rdg1 Nh7 17. c3 a5 18. g4 Ng5 19. Nxg5 hxg5 20. h6 g6 21. h7+ Kg7 22. Qe3 a4 23. f4 Ra5 24. c4 gxf4 25. Bxa5 fxe3 26. Bxd8 Bxd8 27. Kc2 Rh8 28. Kd3 Bg5 29. b3 a3 30. Rg2 b6 31. b4 f6 32. Kc3 Bh6 33. Kb3 Kxh7 34. Rgh2 Kg7 35. Kxa3 f5 36. g5 f4 37. Rxh6 Rxh6 38. gxh6+ Kh7 39. Kb2 g5 40. Kc2 f3 41. Kd3 e2 42. Ke3 g4 43. Kf2 b5 44. cxb5 cxb5 45. Rg1 Kxh6 46. Rxg4 1-0

[Event "Szombathely op-B"]
[Site "Szombathely"]
[Date "2010.07.29"]
[Round "4"]
[White "Greguric, Tomislav"]
[Black "Biro, Istvan"]
[Result "1/2-1/2"]
[WhiteElo "1580"]
[BlackElo "1523"]
[PlyCount "79"]
[EventDate "2010.07.28"]
[EventType "swiss"]
[EventRounds "9"]
[EventCountry "HUN"]
[SourceTitle "EXT 2012"]
[Source "ChessBase"]
[SourceDate "2011.11.24"]
[SourceVersion "1"]
[SourceVersionDate "2011.11.24"]
[SourceQuality "1"]

1. e4 c6 2. d4 d5 3. e5 c5 4. dxc5 Nc6 5. Bb5 e6 6. Be3 Nge7 7. c3 Nf5 8. Bd4 Qa5 9. a4 Nfxd4 10. b4 Qc7 11. cxd4 a6 12. Bxc6+ bxc6 13. Nc3 Be7 14. Nge2 Bd7 15. Nc1 0-0 16. 0-0 f6 17. f4 fxe5 18. fxe5 Qb7 19. Nd3 Bg5 20. Qe2 Rf5 21. Rxf5 exf5 22. Rf1 Be6 23. Nd1 Rf8 24. g3 f4 25. h4 Bh3 26. Rf2 fxg3 27. Rxf8+ Kxf8 28. Qf3+ Qf7 29. Qxg3 Qf1+ 30. Kh2 Qxd1 31. Kxh3 Qf1+ 32. Kh2 Qe2+ 33. Nf2 Be3 34. Kg2 Kg8 35. e6 h6 36. Qb8+ Kh7 37. Qf8 Bxf2 38. Qxf2 Qxe6 39. Qf3 Qg6+ 40. Kh3 1/2-1/2

[Event "HUN-chT2 Maroczy 0910"]
[Site "Hungary"]
[Date "2009.11.22"]
[Round "2"]
[White "Hazir, Barbara"]
[Black "Biro, Istvan"]
[Result "0-1"]
[WhiteElo "1690"]
[BlackElo "1805"]
[PlyCount "84"]
[EventDate "2009.11.08"]
[EventType "team-tourn"]
[EventRounds "11"]
[EventCountry "HUN"]
[SourceTitle "EXT 2011"]
[Source "ChessBase"]
[SourceDate "2010.11.26"]
[SourceVersion "1"]
[SourceVersionDate "2010.11.26"]
[SourceQuality "1"]
[WhiteTeam "Miskolc EMSE"]
[BlackTeam "Oroshaza"]
[WhiteTeamCountry "HUN"]
[BlackTeamCountry "HUN"]

1. e4 c5 2. c3 d5 3. exd5 Qxd5 4. Nf3 Nf6 5. Be2 Nc6 6. 0-0 e6 7. Na3 a6 8. Nc4 Qd8 9. d4 cxd4 10. Nxd4 Nxd4 11. Qxd4 Qxd4 12. cxd4 Bd7 13. Nb6 Rd8 14. Nxd7 Rxd7 15. Rd1 Bb4 16. Bg5 Be7 17. Bf3 0-0 18. Rac1 Rfd8 19. b3 Nd5 20. Be3 Bf6 21. Bxd5 Rxd5 22. Rc7 b5 23. f4 g6 24. Rc6 a5 25. Ra6 b4 26. Kf2 Bxd4 27. Bxd4 Rxd4 28. Rxd4 Rxd4 29. Ke3 Rd5 30. Rc6 Kg7 31. Rc2 Kf6 32. Rf2 h5 33. g3 Kf5 34. h3 Rd1 35. g4+ hxg4 36. hxg4+ Kxg4 37. Rg2+ Kh3 38. Rf2 Kg4 39. Rg2+ Kh3 40. Rf2 Rg1 41. Ke4 Rg2 42. Rf3+ Kg4 0-1

[Event "FICGS rapid B 000120 email"]
[Site "FICGS email"]
[Date "2009.04.29"]
[Round "1"]
[White "Sternik, Ryszard"]
[Black "Biro, Istvan"]
[Result "0-1"]
[WhiteElo "1760"]
[BlackElo "1800"]
[PlyCount "102"]
[EventDate "2009.??.??"]
[EventType "tourn (rapid)"]
[EventRounds "6"]
[SourceTitle "Corr 2022"]
[Source "ChessBase"]
[SourceDate "2021.10.24"]
[SourceVersion "1"]
[SourceVersionDate "2021.10.24"]
[SourceQuality "1"]

1. Nf3 Nf6 2. c4 c6 3. d4 d5 4. Nc3 e6 5. e3 Nbd7 6. Bd3 Bd6 7. Qc2 0-0 8. 0-0 dxc4 9. Bxc4 b5 10. Be2 Bb7 11. Rd1 Qc7 12. a3 a6 13. b4 Rfe8 14. Bd2 e5 15. Bd3 h6 16. Rac1 exd4 17. exd4 Nb6 18. Re1 Rad8 19. Re3 Bc8 20. Rce1 Rxe3 21. fxe3 Bg4 22. Re2 Nc4 23. Bxc4 bxc4 24. e4 Be7 25. e5 Nd5 26. Ne4 Nb6 27. Qc3 Qd7 28. Rf2 Qd5 29. Ng3 Rd7 30. Be3 Qb5 31. Bc1 Qa4 32. Nd2 Be6 33. Nf5 Bg5 34. Ne3 Bxe3 35. Qxe3 Nd5 36. Qe1 Nc3 37. Nf3 Nb5 38. Qe3 c3 39. Rf1 Qb3 40. Re1 Bg4 41. h3 Bxf3 42. Qxf3 Nxd4 43. Qd3 c2 44. Qe4 Ne6 45. Qxc6 Rd1 46. Qa8+ Nd8 47. Qe4 g5 48. Kh2 Ne6 49. h4 Qc3 50. Rh1 gxh4 51. Rg1 Ng5 0-1

[Event "FICGS rapid B 000119 email"]
[Site "FICGS email"]
[Date "2009.04.14"]
[Round "1"]
[White "Biro, Istvan"]
[Black "Roncagliolo, Marco"]
[Result "1-0"]
[WhiteElo "1800"]
[BlackElo "1800"]
[PlyCount "45"]
[EventDate "2009.??.??"]
[EventType "tourn (rapid)"]
[EventRounds "6"]
[SourceTitle "Corr 2022"]
[Source "ChessBase"]
[SourceDate "2021.10.24"]
[SourceVersion "1"]
[SourceVersionDate "2021.10.24"]
[SourceQuality "1"]

1. d4 Nf6 2. Bg5 Ne4 3. Bf4 d5 4. f3 Nf6 5. e4 c6 6. e5 Nh5 7. Be3 g6 8. Nc3 Ng7 9. Qd2 Ne6 10. f4 Bg7 11. Nf3 0-0 12. h4 h5 13. f5 Nc7 14. Bd3 gxf5 15. Bh6 Ne6 16. Bxf5 f6 17. Rh3 fxe5 18. Bxe6+ Bxe6 19. Bxg7 Rf7 20. Bxe5 Bxh3 21. Qg5+ Kf8 22. Qxh5 Ke8 23. Ng5 1-0

[Event "FICGS rapid B 000119 email"]
[Site "FICGS email"]
[Date "2009.04.14"]
[Round "1"]
[White "Klarzynski, Slawomir"]
[Black "Biro, Istvan"]
[Result "0-1"]
[WhiteElo "1800"]
[BlackElo "1800"]
[PlyCount "94"]
[EventDate "2009.??.??"]
[EventType "tourn (rapid)"]
[EventRounds "6"]
[SourceTitle "Corr 2022"]
[Source "ChessBase"]
[SourceDate "2021.10.24"]
[SourceVersion "1"]
[SourceVersionDate "2021.10.24"]
[SourceQuality "1"]

1. e4 c6 2. d4 d5 3. e5 c5 4. dxc5 Nc6 5. Bb5 e6 6. Be3 Nge7 7. c3 Bd7 8. Nf3 Nf5 9. Bxc6 Bxc6 10. Bd4 Nxd4 11. cxd4 b6 12. cxb6 Qxb6 13. Qc2 Bb4+ 14. Nc3 Qa6 15. a3 Rc8 16. Kd2 Bxc3+ 17. bxc3 Ba4 18. Qb1 0-0 19. Ng5 g6 20. Qd3 Qc6 21. Rhb1 h6 22. Nf3 Rc7 23. h4 Rfc8 24. Rc1 Rb7 25. Rab1 Rcb8 26. Rxb7 Qxb7 27. Ke1 Kg7 28. c4 dxc4 29. Qxc4 Bd7 30. Qd3 Bc6 31. Qe3 a5 32. Kf1 Bd5 33. Ne1 Qe7 34. Qf4 Qxa3 35. Qf6+ Kg8 36. Qf4 h5 37. Kg1 a4 38. Rc7 Qf8 39. Nc2 Rc8 40. Rxc8 Qxc8 41. Qd2 Qa8 42. f3 a3 43. Qc3 a2 44. Kf2 Qb7 45. Na1 Qb1 46. Kg3 Kg7 47. Kh2 Qf1 0-1

[Event "FICGS rapid B 000119 email"]
[Site "FICGS email"]
[Date "2009.04.14"]
[Round "1"]
[White "Sternik, Ryszard"]
[Black "Biro, Istvan"]
[Result "1/2-1/2"]
[WhiteElo "1760"]
[BlackElo "1800"]
[PlyCount "114"]
[EventDate "2009.??.??"]
[EventType "tourn (rapid)"]
[EventRounds "6"]
[SourceTitle "Corr 2022"]
[Source "ChessBase"]
[SourceDate "2021.10.24"]
[SourceVersion "1"]
[SourceVersionDate "2021.10.24"]
[SourceQuality "1"]

1. e4 c6 2. d4 d5 3. e5 c5 4. Nf3 Nc6 5. dxc5 e6 6. Be3 Nge7 7. c3 Bd7 8. Nbd2 Nf5 9. Bf4 Bxc5 10. Nb3 Be7 11. Qd2 a5 12. a4 Qb6 13. Bb5 Nb8 14. Nfd4 Bxb5 15. Nxf5 Bc4 16. Nxe7 Nd7 17. Nd4 Kxe7 18. h4 Nc5 19. Rh3 Bb3 20. Be3 Qc7 21. h5 Bc4 22. h6 gxh6 23. f4 Rag8 24. Rxh6 Rg3 25. Rh3 Rhg8 26. Rxg3 Rxg3 27. 0-0-0 Ne4 28. Qe1 Qd7 29. Bf2 Rxg2 30. Bh4+ Kf8 31. Qh1 Rg6 32. b3 Nxc3 33. Rg1 Bd3 34. Rxg6 Bxg6 35. Kb2 Ne4 36. Qc1 Kg8 37. Ka2 Kg7 38. Kb2 h5 39. Ka2 b6 40. Ka1 Nc5 41. Qc3 Kh7 42. Ka2 Nd3 43. Bg5 Kg8 44. Ka1 Nc5 45. Bh4 Qe8 46. Ka2 Qf8 47. Nc6 Ne4 48. Qd4 Qc5 49. Qxc5 Nxc5 50. Kb2 Kf8 51. Kc3 Ne4+ 52. Kb2 Ke8 53. Nd4 Kd7 54. Kc1 Nc5 55. Kd2 Bb1 56. Kc1 Bf5 57. Kd2 Be4 1/2-1/2

[Event "FICGS unrated 00000 email"]
[Site "FICGS email"]
[Date "2009.04.04"]
[Round "1"]
[White "Biro, Istvan"]
[Black "Aigner, Michael"]
[Result "1/2-1/2"]
[WhiteElo "1800"]
[BlackElo "2610"]
[PlyCount "31"]
[EventDate "2009.??.??"]
[EventType "swiss (corr)"]
[EventRounds "1"]
[SourceTitle "Corr 2022"]
[Source "ChessBase"]
[SourceDate "2021.10.24"]
[SourceVersion "1"]
[SourceVersionDate "2021.10.24"]
[SourceQuality "1"]

1. d4 f5 2. g3 Nf6 3. Bg2 e6 4. c4 Be7 5. Nc3 0-0 6. Nf3 d6 7. 0-0 Ne4 8. Rb1 Nc6 9. Ne1 Nxc3 10. bxc3 Na5 11. Qa4 b6 12. Bxa8 Bd7 13. Qd1 Qxa8 14. c5 dxc5 15. dxc5 Rd8 16. Nd3 1/2-1/2

[Event "FICGS unrated 00000 email"]
[Site "FICGS email"]
[Date "2009.04.04"]
[Round "1"]
[White "Parmet, Daniel Edward"]
[Black "Biro, Istvan"]
[Result "1-0"]
[WhiteElo "1814"]
[BlackElo "1800"]
[PlyCount "63"]
[EventDate "2009.??.??"]
[EventType "swiss (corr)"]
[EventRounds "1"]
[SourceTitle "Corr 2022"]
[Source "ChessBase"]
[SourceDate "2021.10.24"]
[SourceVersion "1"]
[SourceVersionDate "2021.10.24"]
[SourceQuality "1"]

1. e4 c6 2. d4 d5 3. exd5 cxd5 4. c4 Nf6 5. Nc3 e6 6. Nf3 Be7 7. cxd5 Nxd5 8. Bd3 Nc6 9. 0-0 0-0 10. Re1 Qb6 11. a3 Rd8 12. Nxd5 Rxd5 13. Be3 Qxb2 14. Bxh7+ Kxh7 15. Qd3+ Kg8 16. Reb1 Qb6 17. Rxb6 axb6 18. h4 b5 19. Ng5 g6 20. Qb1 Ra4 21. Ne4 Rc4 22. Bg5 Kf8 23. Qb2 Nxd4 24. Re1 Bxg5 25. hxg5 Kg7 26. Nf6 Rxg5 27. Ne8+ Kg8 28. Nd6 Nf3+ 29. Kf1 Nh2+ 30. Ke2 Rcc5 31. Ne4 Rge5 32. Kd2 1-0